<?xml version="1.0" encoding="UTF-8"?>
<record
    xmlns:xsi="http://www.w3.org/2001/XMLSchema-instance"
    xsi:schemaLocation="http://www.loc.gov/MARC21/slim http://www.loc.gov/standards/marcxml/schema/MARC21slim.xsd"
    xmlns="http://www.loc.gov/MARC21/slim">

  <leader>00350nam a2200133Ia 4500</leader>
  <controlfield tag="008">191201s2018    xx            000 0 und d</controlfield>
  <datafield tag="082" ind1=" " ind2=" ">
    <subfield code="a">547 MAC</subfield>
  </datafield>
  <datafield tag="100" ind1=" " ind2=" ">
    <subfield code="a">MAHADIK K.R</subfield>
  </datafield>
  <datafield tag="245" ind1=" " ind2="0">
    <subfield code="a">Concise Organic Pharmaceutical Chemistry II</subfield>
  </datafield>
  <datafield tag="260" ind1=" " ind2=" ">
    <subfield code="b">Nirali Prakashan</subfield>
    <subfield code="a">New Delhi</subfield>
    <subfield code="c">2018</subfield>
  </datafield>
  <datafield tag="300" ind1=" " ind2=" ">
    <subfield code="a">23.4 </subfield>
  </datafield>
  <datafield tag="650" ind1=" " ind2=" ">
    <subfield code="a">Medicinal Chemistry</subfield>
  </datafield>
  <datafield tag="942" ind1=" " ind2=" ">
    <subfield code="2">ddc</subfield>
    <subfield code="c">BK</subfield>
  </datafield>
  <datafield tag="999" ind1=" " ind2=" ">
    <subfield code="c">8280</subfield>
    <subfield code="d">8280</subfield>
  </datafield>
  <datafield tag="952" ind1=" " ind2=" ">
    <subfield code="0">0</subfield>
    <subfield code="1">0</subfield>
    <subfield code="2">ddc</subfield>
    <subfield code="4">0</subfield>
    <subfield code="7">0</subfield>
    <subfield code="8">DP</subfield>
    <subfield code="a">PIET</subfield>
    <subfield code="b">PIET</subfield>
    <subfield code="d">2019-03-26</subfield>
    <subfield code="e">Kirti Prakashan</subfield>
    <subfield code="g">250.00</subfield>
    <subfield code="k">IN 3106</subfield>
    <subfield code="l">7</subfield>
    <subfield code="o">547 MAC</subfield>
    <subfield code="p">DP338</subfield>
    <subfield code="r">2022-07-12 00:00:00</subfield>
    <subfield code="s">2022-07-06</subfield>
    <subfield code="v">185.00</subfield>
    <subfield code="w">2019-03-12</subfield>
    <subfield code="y">BK</subfield>
  </datafield>
  <datafield tag="952" ind1=" " ind2=" ">
    <subfield code="0">0</subfield>
    <subfield code="1">0</subfield>
    <subfield code="2">ddc</subfield>
    <subfield code="4">0</subfield>
    <subfield code="7">0</subfield>
    <subfield code="8">DP</subfield>
    <subfield code="a">PIET</subfield>
    <subfield code="b">PIET</subfield>
    <subfield code="d">2019-03-26</subfield>
    <subfield code="e">Kirti Prakashan</subfield>
    <subfield code="g">250.00</subfield>
    <subfield code="k">IN 3106</subfield>
    <subfield code="l">3</subfield>
    <subfield code="o">547 MAC</subfield>
    <subfield code="p">DP339</subfield>
    <subfield code="r">2025-02-11 00:00:00</subfield>
    <subfield code="s">2024-12-20</subfield>
    <subfield code="v">185.00</subfield>
    <subfield code="w">2019-03-12</subfield>
    <subfield code="y">BK</subfield>
  </datafield>
  <datafield tag="952" ind1=" " ind2=" ">
    <subfield code="0">0</subfield>
    <subfield code="1">0</subfield>
    <subfield code="2">ddc</subfield>
    <subfield code="4">0</subfield>
    <subfield code="7">0</subfield>
    <subfield code="8">DP</subfield>
    <subfield code="a">PIET</subfield>
    <subfield code="b">PIET</subfield>
    <subfield code="d">2019-03-26</subfield>
    <subfield code="e">Kirti Prakashan</subfield>
    <subfield code="g">250.00</subfield>
    <subfield code="k">IN 3106</subfield>
    <subfield code="l">7</subfield>
    <subfield code="o">547 MAC</subfield>
    <subfield code="p">DP340</subfield>
    <subfield code="r">2022-07-12 00:00:00</subfield>
    <subfield code="s">2022-06-22</subfield>
    <subfield code="v">185.00</subfield>
    <subfield code="w">2019-03-12</subfield>
    <subfield code="y">BK</subfield>
  </datafield>
  <datafield tag="952" ind1=" " ind2=" ">
    <subfield code="0">0</subfield>
    <subfield code="1">0</subfield>
    <subfield code="2">ddc</subfield>
    <subfield code="4">0</subfield>
    <subfield code="7">0</subfield>
    <subfield code="8">DP</subfield>
    <subfield code="a">PIET</subfield>
    <subfield code="b">PIET</subfield>
    <subfield code="d">2019-03-26</subfield>
    <subfield code="e">Kirti Prakashan</subfield>
    <subfield code="g">250.00</subfield>
    <subfield code="k">IN 3106</subfield>
    <subfield code="l">0</subfield>
    <subfield code="o">547 MAC</subfield>
    <subfield code="p">DP341</subfield>
    <subfield code="r">2019-12-04 00:00:00</subfield>
    <subfield code="v">185.00</subfield>
    <subfield code="w">2019-03-12</subfield>
    <subfield code="y">REF</subfield>
  </datafield>
</record>
